| 000 | 01427cam a22003857a 4500 | ||
|---|---|---|---|
| 003 | CHAP | ||
| 005 | 20220329142423.0 | ||
| 008 | 010110d2000 mx b r 00110 spa d | ||
| 010 | _a83201 | ||
| 011 | _a84173 | ||
| 035 | _a94692 | ||
| 040 | _cCHAP | ||
| 090 | _aTesis | ||
| 100 | 0 | 0 |
_aSalcedo Pérez, Eduardo. _9101502 |
| 245 | 1 | 0 |
_aAlternativas de uso agrícola y forestal de lodos residuales de plantas de tratamiento de aguas negras _c/por Eduardo Salcedo Pérez. |
| 260 |
_aChapingo, Méx. : _bEl autor, _c2000. |
||
| 300 |
_a116h. : _bmapas; cuads.; gráfs. |
||
| 502 | _aTesis (M. C. en Agroforestería para el Desarrollo Sostenible) -- UACH. Centro de Agroforestación para el Desarrollo Sostenible. | ||
| 590 |
_aALEPH _b10 _c20130110 _lUCH01 _h1440 |
||
| 590 |
_aBATCH-UPD _b10 _c20130110 _lUCH01 _h1421 |
||
| 590 |
_aBATCH-UPD _b10 _c20130410 _lUCH01 _h0903 |
||
| 590 |
_aBATCH-UPD _b10 _c20130913 _lUCH01 _h1829 |
||
| 590 |
_aBATCH-UPD _b10 _c20130914 _lUCH01 _h0104 |
||
| 590 |
_aCONVERSION _b10 _c20130109 _lUCH01 _h1346 |
||
| 650 | 1 | 4 |
_aAbonos. _9235 |
| 650 | 1 | 4 |
_aAguas residuales para irrigación. _92591 |
| 650 | 1 | 4 |
_aMaíz _xRendimiento. _971051 |
| 650 | 1 | 4 |
_aPinus douglasiana. _988331 |
| 650 | 1 | 4 |
_aSuelos _xFertilidad. _9110367 |
| 901 | _aBK | ||
| 905 | _aEdna Luz | ||
| 942 | _cFOLL | ||
| 949 |
_bBC _cTES _d33724000808390 _eTS2 _fc.2 _h37736 _i94692 _si |
||
| 949 |
_bBC _cTES _d946921 _eTS1 _fc. _h37735 _i94692 _sb |
||
| 999 |
_c83201 _d83201 |
||